| 000 | 00464cam a22001934a 4500 | ||
|---|---|---|---|
| 005 | 20250605164312.0 | ||
| 008 | 250528s ||||||||||||||||||||||||d | ||
| 035 | _a22522 | ||
| 020 | _a9780749400125 | ||
| 040 |
_aGR-AtMCL _bgre _dGR-AtMCL _eAACR2 |
||
| 245 | 1 | _a1992 Strategies for the Single Market | |
| 250 | _a2 | ||
| 260 |
_bKogan Page, _c1990 |
||
| 300 | _a430 | ||
| 700 | 1 |
_aDudley James W _98321 |
|
| 942 | _cBK | ||
| 999 |
_c7571 _d7571 |
||